| 000 | 00000nam 2200000zi 4500 |
| 001 | 9.939741 |
| 003 | CaOODSP |
| 005 | 20240628085728 |
| 006 | m o d f |
| 007 | cr |n |||||||| |
| 008 | 240624s2024 onc ol f|0| 0 eng d |
| 040 | |aCaOODSP|beng|erda|cCaOODSP |
| 041 | |aeng|afre |
| 043 | |an-cn--- |
| 086 | 1 |aYX4-2024/9-PDF |
| 110 | 1 |aCanada.|eenacting jurisdiction. |
| 245 | 13|aAn Act to amend the Parliament of Canada Act (Parliamentary Visual Artist Laureate) = |bLoi modifiant la Loi sur le Parlement du Canada (artiste visuel officiel du Parlement). |
| 246 | 31|aLoi modifiant la Loi sur le Parlement du Canada (artiste visuel officiel du Parlement) |
| 264 | 1|a[Ottawa] : |b[House of Commons of Canada], |c2024. |
| 300 | |a1 online resource (ii, 2 pages). |
| 336 | |atext|btxt|2rdacontent |
| 337 | |acomputer|bc|2rdamedia |
| 338 | |aonline resource|bcr|2rdacarrier |
| 490 | 1 |aStatutes of Canada ..., chapter ... ; |vStatutes of Canada 2024, chapter 9, 1st Session, 44th Parliament |
| 500 | |a"First Session, Forty-fourth Parliament, 70-71 Elizabeth II – 1-2 Charles III, 2021-2022-2023-2024." |
| 500 | |a"Assented to June 20, 2024, Bill S-202." |
| 500 | |aOriginal Published On: 2024/06/21. Published On: 2024/06/27. |
| 520 | |a"This enactment creates the position of Parliamentary Visual Artist Laureate. It also corrects a reference to the Canada Council for the Arts in the English version of the Parliament of Canada Act"--Summary, page ii. |
| 546 | |aText in English and in French. |
| 610 | 10|aCanada. |tParliament of Canada Act. |
| 650 | 0|aArtists laureate|zCanada. |
| 655 | 7|aStatutes and codes|2lcgft |
| 710 | 1 |aCanada. |bParliament. |bHouse of Commons, |eissuing body. |
| 788 | |tAn Act to amend the Parliament of Canada Act (Parliamentary Visual Artist Laureate) = |efre|w(CaOODSP)9.939742 |
| 830 | #0|aStatutes of Canada ..., chapter ...|vStatutes of Canada 2024, chapter 9, 1st Session, 44th Parliament.|w(CaOODSP)9.500677 |
| 856 | 40|qPDF|s106 KB|uhttps://publications.gc.ca/collections/collection_2024/lois-statutes/YX4-2024-9.pdf |
| 856 | 40|qHTML|sN/A|uhttps://www.parl.ca/DocumentViewer/en/44-1/bill/S-202/royal-assent |